Reflexiones sobre el impacto del megadecreto (PEN) 27/2018 en materia de SAS y sociedades por acciones (Registro nro. 21227)
[ vista simple ]
| 000 -LEADER | |
|---|---|
| fixed length control field | 00397 a2200109 4500 |
| 001 - CONTROL NUMBER | |
| control field | ART_46209 |
| 005 - DATE AND TIME OF LATEST TRANSACTION | |
| control field | 20260410161808.0 |
| 008 - FIXED-LENGTH DATA ELEMENTS--GENERAL INFORMATION | |
| fixed length control field | 260409a |
| 100 1# - MAIN ENTRY--PERSONAL NAME | |
| Personal name | Fernández, Fernanda M. |
| 245 10 - TITLE STATEMENT | |
| Title | Reflexiones sobre el impacto del megadecreto (PEN) 27/2018 en materia de SAS y sociedades por acciones |
| 773 0# - HOST ITEM ENTRY | |
| Title | Doctrina Societaria y Concursal |
| Related parts | - N°365 (abr. 2018) |
| Record control number | REV4298 |
No hay ítems disponibles.